|
|
|
|
| LEADER |
00000nab a2200000 a 4500 |
| 001 |
vtls000252467 |
| 003 |
SK-MaSNL |
| 005 |
20260302221004.0 |
| 008 |
160201c1985 xo 0 cze |
| 015 |
|
|
|a SNBRA19rr/mm-uuuuu
|
| 035 |
|
|
|a CL0262581
|
| 040 |
|
|
|a SNKBUCL
|b slo
|c SNKBUCL
|e AACR2
|
| 041 |
0 |
|
|a cze
|
| 044 |
|
|
|a xo
|c SK
|
| 080 |
|
|
|a 65.012.12:331.874
|2 1981
|
| 080 |
|
|
|a 331.874
|2 1981
|
| 080 |
|
|
|a 331.015.14
|2 1981
|
| 100 |
1 |
|
|a Dostál, Vladimír
|4 aut
|9 789710
|
| 245 |
1 |
0 |
|a Základní principy metodiky práce týmů hodnotového inženýrství
|c Vladimír Dostál
|
| 650 |
0 |
7 |
|a hodnotová analýza
|2 snkbucl
|9 929
|
| 655 |
|
7 |
|a články zo zborníkov
|2 snkbucl
|9 166140
|
| 773 |
0 |
|
|t Hydraulické mechanizmy mobilných strojov
|d Žilina : Dom techniky ČSVTS, 1985
|
| 850 |
|
|
|a Slovenská národná knižnica v Martine
|a MTA001
|
| 852 |
|
|
|a SNK
|b KIS3GCP
|
| 958 |
|
|
|a RK
|
| 958 |
|
|
|a CZ
|
| 992 |
|
|
|a RZB
|
| 999 |
|
|
|c 1509613
|d 1511543
|